| 000 | 00514nam a2200193Ia 4500 | ||
|---|---|---|---|
| 008 | 151121s9999||||xx |||||||||||||| ||und|| | ||
| 082 | _a920/CHA | ||
| 082 | _bHNW-50025 | ||
| 100 | _aChatterjee S। & Chatterjee E। | ||
| 245 | _aMeghnad Saha | ||
| 260 | _b"N। B। T।, India।" | ||
| 260 | _c-- | ||
| 300 | _a140 | ||
| 600 | _aChatterjee S। & Chatterjee E। | ||
| 630 | _aMeghnad Saha | ||
| 700 | _aChatterjee S। & Chatterjee E। | ||
| 730 | _aMeghnad Saha | ||
| 942 | _cBOOK | ||
| 999 |
_c1234875 _d1234872 |
||